| 000 | 00370nam a22001697a 4500 | ||
|---|---|---|---|
| 005 | 20180904154047.0 | ||
| 010 | _aENG-123962 | ||
| 020 | _c200.00 | ||
| 035 | _aEN-107494 | ||
| 037 | _bDBAD/PUB | ||
| 082 | _aN | ||
| 100 | _aJha, Jaya | ||
| 245 |
_aMoving on / _cby Jaya Jha |
||
| 260 | _bGreen Ink | ||
| 300 |
_a249p _c20cm.(pbk.) |
||
| 942 |
_2ddc _cEN _mJHA _hN |
||
| 999 |
_c156909 _d156909 |
||